| 000 | 01147cab a2200217 4500 | ||
|---|---|---|---|
| 001 | WB24039-04 | ||
| 008 | 041013n2004 000 0 eng u | ||
| 035 | _a(Sirsi) u127679 | ||
| 245 | _aInflation falls | ||
| 260 | _c2004 | ||
| 490 |
_aNational Statistics Press Release _v13 October 2004 (2) |
||
| 520 | _aThe latest figures from the Office for National Statistics show that CPI inflation fell to 1.1% in September 2004, down from 1.3% in the previous month. The fall in inflation was driven partly by reductions in the cost of transport services and partly from increases in the price of foreign holidays and furniture. Mortgage interest payments also increased in September, as lenders reacted to August's quarter percentage point increase in base rates. This helped to limit the reduction to RPI inflation, which fell to 3.1% in September 2004 from 3.2% in August. http://www.statistics.gov.uk/cci/nugget.asp?id=19 | ||
| 590 | _aWB | ||
| 650 | _aINFLATION | ||
| 650 | _aECONOMY | ||
| 650 | _aMORTGAGE INTEREST RATES | ||
| 650 | _aRETAIL PRICE INDEX | ||
| 650 | _aCONSUMER PRICES INDEX | ||
| 690 | _aECONOMIC ISSUES | ||
| 942 | _n0 | ||
| 999 |
_c74567 _d74567 |
||